ՀՀ Գիտությունների ազգային ակադեմիայի հիմնարար գիտական գրադարան  =   Fundamental Scientific Library of NAS RA

Мазереель : (Record no. 435464)

MARC details
000 -LEADER
fixed length control field 00900nam a22002297a 4500
003 - CONTROL NUMBER IDENTIFIER
control field AM-YeHGA
040 ## - CATALOGING SOURCE
Original cataloging agency AM-YeHGA
090 ## - LOCALLY ASSIGNED LC-TYPE CALL NUMBER (OCLC); LOCAL CALL NUMBER (RLIN)
-- 438095
005 - DATE AND TIME OF LATEST TRANSACTION
control field 20250617155609.0
008 - FIXED-LENGTH DATA ELEMENTS--GENERAL INFORMATION
fixed length control field 190823s1959 ru ||||| |||| 00| 0 rus d
041 1# - LANGUAGE CODE
Language code of text/sound track or separate title rus
245 00 - TITLE STATEMENT
Title Мазереель :
Remainder of title Сборник статей о творчестве /
Statement of responsibility, etc. Сост. и перевод с нем. Н. Бунина ; Предисл. Е. Кибрика ; Ред. В. Фрязинов
260 ## - PUBLICATION, DISTRIBUTION, ETC.
Place of publication, distribution, etc. Москва :
Name of publisher, distributor, etc. Изд-во иностр. лит.,
Date of publication, distribution, etc. 1959
300 ## - PHYSICAL DESCRIPTION
Extent 190 с.;
Other physical details ил.
504 ## - BIBLIOGRAPHY, ETC. NOTE
Bibliography, etc. note Библиогр.: с. 64-66
600 14 - SUBJECT ADDED ENTRY--PERSONAL NAME
Personal name Мазереель, Франс
Dates associated with a name 1889-1972
653 0# - INDEX TERM--UNCONTROLLED
Uncontrolled term Художники-антифашисты
700 1# - ADDED ENTRY--PERSONAL NAME
Personal name Бунин, Н.
Relator term сост.
Relationship com
700 1# - ADDED ENTRY--PERSONAL NAME
Personal name Кибрик, Е.
Relator term авт. предисл.
Relationship aui
700 1# - ADDED ENTRY--PERSONAL NAME
Personal name Фрязинов, В.
Relator term ред.
Relationship edt
942 ## - ADDED ENTRY ELEMENTS (KOHA)
Source of classification or shelving scheme Universal Decimal Classification
Koha item type Գրքեր / Books
Holdings
Withdrawn status Lost status Source of classification or shelving scheme Damaged status Not for loan Collection Home library Current library Date acquired Total checkouts Full call number Barcode Date last seen Price effective from Koha item type Public note
    Universal Decimal Classification     General Fundamental Scientific Library Fundamental Scientific Library 23/08/2019   РII/12592 FL0588422 23/08/2019 23/08/2019 Գրքեր / Books 30 Days Loan


ՀՀ ԳԱԱ հիմնարար գիտական գրադարան
ՀՀ,Երևան 0019
Մարշալ Բաղրամյան 24/6
հեռախոս:(374-10) 52-47-50
Հետադարձ կապ

All site content, except where otherwise noted, is licensed under a
Creative Commons License